000 00414nam a2200169 a 4500
001 7963
003 CO-ViMGA
008 141112s2004 ck r 000 u spa d
040 _aCO-ViMGA
_bspa
_cCO-ViMGA
082 0 4 _aV861 L365a
100 1 _aLeón, Eleazar
_97512
245 1 0 _aA la orilla de los dias
260 _aCaracas,
_cArte 1982
300 _a86.p.
650 1 4 _aPOESIA VENEZOLANA
_950942
942 _2ddc
_cBK
999 _c19786
_d19786